| 000 | 005530000a22001930004500 | ||
|---|---|---|---|
| 003 | LK-CoMWRAF | ||
| 005 | 20240624115036.0 | ||
| 008 | 230817t ||||| |||| 00| 0 eng d | ||
| 040 |
_aLK-CoMWRAF _dLK-CoMWRAF _eLK-CoMWRAF |
||
| 041 | _aeng | ||
| 082 |
_a344 _bLAW |
||
| 245 |
_aLaw of Employment: _blegal literacy project |
||
| 260 |
_aColombo: _bThe Sri Lanka women lawyers association, _c[n.d.] |
||
| 300 | _a34 p. | ||
| 650 | _aEMPLOYMENT LAW | ||
| 710 | _aThe Sri Lanka women lawyers association | ||
| 710 | _aSri Lanka Foundation | ||
| 942 | _cBK | ||
| 999 |
_c2685 _d2685 |
||